| 000 | 01037nam a2200277 u 4500 | ||
|---|---|---|---|
| 001 | 000046121 | ||
| 005 | 20240410184606.0 | ||
| 008 | 100813s2016 dr 000 0 spa d | ||
| 020 | _a9789945602005 (v. 1) | ||
| 020 | _a9789945602012 (v. 2) | ||
| 040 |
_aDO-SdBNP _bspa _cBNPHU |
||
| 082 |
_a616.99431 _bN972c |
||
| 100 | 1 |
_aNúñez Gil, Zoilo _974178 |
|
| 245 | 1 | 0 |
_aCáncer bucal / _cZoilo Núñez Gil. |
| 260 |
_aSanto Domingo : _bUCNE, _c2016. |
||
| 300 |
_a2v. : _bil. ; _c23 cm. |
||
| 504 | _aBibliografía: p. 549-552 (v.1); p.283-301 (v.2) | ||
| 505 | 0 |
_av. 1: _tOncología y cirugía -- _gv. 2 : _tOncología y cirugía del cuello. |
|
| 590 | _aInventariado, 2019/MFF | ||
| 590 | _aLa biblioteca posee 1 ejemplar autografiado por el autor | ||
| 500 | _aIncluye referencias bibliográficas y notas al pie de las páginas | ||
| 650 | 4 |
_aBoca _xNeoplásmas _974179 |
|
| 650 | 0 |
_aODONTOLOGÍA _920035 |
|
| 710 | 2 |
_aUniversidad Católica Nordestana (República Dominicana) _974180 |
|
| 910 | _aValidado. Control de calidad MFF | ||
| 999 |
_c45610 _d45610 |
||